| 000 | 00458nam a22001697a 4500 | ||
|---|---|---|---|
| 005 | 20250624100241.0 | ||
| 008 | 250624b |||||||| |||| 00| 0 eng d | ||
| 020 | _a9781982948559 | ||
| 082 |
_a005.8 _bNEU-C |
||
| 100 | _aNeuefeind, Marvin | ||
| 245 |
_aCryptocurrency : _bA Traders / _cMarcin Kacperczyk |
||
| 260 |
_aUSA: _bPearson; _c2017. |
||
| 300 |
_axiv, 308 p. : _bill; _c24 cm. |
||
| 500 | _ainclude index. | ||
| 650 | _aDatascience | ||
| 999 |
_c36942 _d36942 |
||